000 00583nam a2200205Ia 4500
003 OSt
005 20220918105417.0
006 a|||||r|||| 00| 0
007 ta
008 220915b |||||||| |||| 00| 0 eng d
024 _a92,420
037 _cReference Collections
040 _aARTS
_cARTS
_beng
041 _2eng
_aeng
082 _aNNkxM74, L4(RR)
100 _aButler Struges butler Au.
_91227
245 0 _aDwight C. sturges
_b etcher of an era
942 _hNNkxM74, L4(RR)
_cREF
999 _c106881
_d106881